| 000 | 01587cam a22004337a 4500 | ||
|---|---|---|---|
| 001 | 000092059 | ||
| 003 | CHAP | ||
| 005 | 20220329142834.0 | ||
| 008 | 040617d2004 mx a r 00110 spa d | ||
| 010 | _a88526 | ||
| 011 | _a89498 | ||
| 035 | _a100049 | ||
| 040 | _cCHAP | ||
| 090 | _aTesis | ||
| 100 | 0 | 0 |
_aSalazar Gómez , Emma Guadalupe. _9101379 |
| 245 | 1 | 0 |
_aEvaluación del factor erosionabilidad del suelo a diferentes niveles de estudio / _c/por Emma Guadalupe Salazar Gómez. |
| 260 |
_aChapingo, Méx. : _bEl autor, _c2004. |
||
| 300 |
_a96 h. ; : _bilus. ; gráfs. |
||
| 502 | _aTesis (Ing. Agr. Esp. en Fitotecnia) -- UACH. Departamento de Fitotecnia | ||
| 590 |
_aALEPH _b10 _c20130110 _lUCH01 _h1459 |
||
| 590 |
_aBATCH-UPD _b10 _c20130110 _lUCH01 _h0821 |
||
| 590 |
_aBATCH-UPD _b10 _c20130410 _lUCH01 _h0458 |
||
| 590 |
_aBATCH-UPD _b10 _c20130914 _lUCH01 _h1317 |
||
| 590 |
_aBATCH-UPD _b10 _c20140324 _lUCH01 _h1446 |
||
| 590 |
_aBATCH-UPD _b10 _c20141002 _lUCH01 _h0822 |
||
| 590 |
_aCONVERSION _b10 _c20130109 _lUCH01 _h1349 |
||
| 590 |
_aE12093SGE _b10 _c20130626 _lUCH01 _h1048 |
||
| 590 |
_aE12093SGE _b10 _c20130703 _lUCH01 _h1007 |
||
| 650 | 1 | 4 |
_aErosión _xPrevención y control. _937337 |
| 650 | 1 | 4 |
_aSuelos _xAnálisis. _9110204 |
| 650 | 1 | 4 |
_aSuelos _xErosión. _9110357 |
| 856 |
_3Finding aid _uhttp://10.13.5.2/tesis/100049.pdf _zTeclea aquí |
||
| 901 | _aBK | ||
| 905 | _aMayto Villalobos S. | ||
| 942 | _cCD | ||
| 942 | _n0 | ||
| 949 |
_aTesis _bBC _cTES _d100049123 _eTS1 _h42171 _i100049 _sb |
||
| 949 |
_aTesis _bBC _cTES _d33724000926606 _eTS2 _fc.2 _h42172 _i100049 _si |
||
| 999 |
_c88526 _d88526 |
||